A critique of freedom and equality /

Bibliographic Details
Main Author: Charvet, John
Format: Book
Language:English
Published: Cambridge [Cambridgeshire] ; New York : Cambridge University Press, 1981.
Series:Cambridge studies in the history and theory of politics.
Subjects:

MARC

Tag First Indicator Second Indicator Subfields
LEADER 00000cam a2200000 a 4500
001 in00000091980
005 20151008064112.0
008 811228s1981 enk b 00110 eng
010 |a  80042087  
015 |a GB*** 
020 |a 0521237270 
035 |a (OCoLC)07766273 
035 |9 AAK3532AM 
039 0 |a 2  |b 3  |c 3  |d 3  |e 3 
040 |a DLC  |c DLC  |d TXA  |d UtOrBLW 
049 |a TXAM  |c [1672848] 
050 0 0 |a HM271  |b .C475 
082 0 |a 323.44/01  |2 19 
100 1 |a Charvet, John. 
245 1 2 |a A critique of freedom and equality /  |c John Charvet. 
264 1 |a Cambridge [Cambridgeshire] ;  |a New York :  |b Cambridge University Press,  |c 1981. 
300 |a vii, 203 pages ;  |c 23 cm. 
336 |a text  |b txt  |2 rdacontent 
337 |a unmediated  |b n  |2 rdamedia 
338 |a volume  |b nc  |2 rdacarrier 
490 1 |a Cambridge studies in the history and theory of politics 
504 |a Includes bibliographical references and index. 
650 0 |a Liberty. 
650 0 |a Equality. 
650 0 |a Social ethics. 
650 0 |a Political ethics. 
830 0 |a Cambridge studies in the history and theory of politics. 
999 |a MARS 
999 f f |s 4aa9c651-34f2-3186-9265-1cda12e95dc1  |i ccedc376-e38e-3a74-bf17-781c95f5e4ec  |t 0 
952 f f |p ric  |a Texas A&M University  |b Rellis Campus  |c Joint Library Facility  |d Remote Storage  |t 0  |e HM271 .C475  |h Library of Congress classification  |i unmediated -- volume  |m A14806139943 
998 f f |a HM271 .C475  |t 0  |l Remote Storage